[Event "Central Asia Cup 2nd"]
[Site "Bishkek"]
[Date "2012.06.12"]
[Round "1"]
[White "Takyrbashev, Bolot"]
[Black "Khamrakulov, Djurabek"]
[Result "0-1"]
[WhiteElo "2151"]
[BlackElo "2457"]
[PlyCount "62"]
[EventDate "2012.06.12"]
[EventType "swiss"]
[EventRounds "9"]
[EventCountry "KGZ"]
[SourceTitle "EXT 2013"]
[Source "ChessBase"]
[SourceDate "2012.11.22"]
[SourceVersion "1"]
[SourceVersionDate "2012.11.22"]
[SourceQuality "1"]

1. d4 Nf6 2. c4 g6 3. Nc3 Bg7 4. e4 d6 5. Be2 0-0 6. Bg5 Na6 7. f4 Qe8 8. Bf3 c5 9. dxc5 Nxc5 10. Nge2 Be6 11. b3 Rd8 12. Rc1 a5 13. h3 Nfd7 14. Nd4 h6 15. Bh4 Nb8 16. f5 Bc8 17. Nd5 g5 18. Bf2 e6 19. fxe6 fxe6 20. Nc3 d5 21. cxd5 exd5 22. e5 Qxe5+ 23. Kf1 Ne4 24. Nce2 Nd7 25. Bg1 Qe7 26. Bh2 Ne5 27. Bxe5 Qxe5 28. g4 Ng3+ 29. Kg2 Nxe2 30. Nxe2 Rxf3 31. Kxf3 Rf8+ 0-1

[Event "KGZ-ch"]
[Site "Bishkek"]
[Date "2012.04.09"]
[Round "9"]
[White "Takyrbashev, Bolot"]
[Black "Davletbakov, Saddam"]
[Result "1-0"]
[WhiteElo "2142"]
[BlackElo "2204"]
[PlyCount "77"]
[EventDate "2012.04.01"]
[EventType "swiss"]
[EventRounds "11"]
[EventCountry "KGZ"]
[SourceTitle "EXT 2013"]
[Source "ChessBase"]
[SourceDate "2012.11.22"]
[SourceVersion "1"]
[SourceVersionDate "2012.11.22"]
[SourceQuality "1"]

1. d4 Nf6 2. c4 g6 3. Nc3 Bg7 4. e4 d6 5. Be2 Nbd7 6. Nf3 0-0 7. 0-0 e5 8. Qc2 c6 9. Rd1 Qe7 10. b3 exd4 11. Nxd4 Nc5 12. f3 a5 13. Bg5 h6 14. Bh4 Re8 15. Rac1 Bd7 16. Bf1 h5 17. Bg5 Qf8 18. Qd2 Nh7 19. Be3 Rad8 20. Nde2 Bc8 21. Na4 Nxa4 22. bxa4 f5 23. exf5 Bxf5 24. Ng3 Bc8 25. Ne4 d5 26. cxd5 cxd5 27. Rxc8 Rxc8 28. Qxd5+ Kh8 29. Nd6 Nf6 30. Qb3 Rxe3 31. Qxe3 Rc6 32. Nxb7 Qb4 33. Nd8 Qc5 34. Qxc5 Rxc5 35. Ne6 Rc2 36. Bd3 Rxa2 37. Bxg6 Bh6 38. f4 Rxa4 39. Rd8+ 1-0

[Event "KGZ-ch"]
[Site "Bishkek"]
[Date "2012.04.06"]
[Round "6"]
[White "Takyrbashev, Bolot"]
[Black "Esenbek Uulu, Ilimbek"]
[Result "0-1"]
[WhiteElo "2142"]
[BlackElo "2098"]
[PlyCount "54"]
[EventDate "2012.04.01"]
[EventType "swiss"]
[EventRounds "11"]
[EventCountry "KGZ"]
[SourceTitle "EXT 2013"]
[Source "ChessBase"]
[SourceDate "2012.11.22"]
[SourceVersion "1"]
[SourceVersionDate "2012.11.22"]
[SourceQuality "1"]

1. d4 Nf6 2. c4 e6 3. Nf3 d5 4. Nc3 c6 5. Bg5 Nbd7 6. e3 Qa5 7. Nd2 dxc4 8. Bxf6 Nxf6 9. Nxc4 Qc7 10. Bd3 b6 11. Rc1 Bb7 12. 0-0 Be7 13. Ne5 a6 14. Ne4 c5 15. Ng5 0-0 16. Qc2 g6 17. Bxg6 fxg6 18. Nxg6 Ng4 19. Ne5 Bxg5 20. Nxg4 Qg7 21. dxc5 bxc5 22. Qxc5 Bd5 23. Qc7 Ra7 24. Qc5 Rb7 25. f3 h5 26. Nf2 Bxf3 27. g3 Rxb2 0-1

[Event "KGZ-ch"]
[Site "Bishkek"]
[Date "2012.04.05"]
[Round "5"]
[White "Kydyraliev, Z."]
[Black "Takyrbashev, Bolot"]
[Result "0-1"]
[WhiteElo "1966"]
[BlackElo "2142"]
[PlyCount "160"]
[EventDate "2012.04.01"]
[EventType "swiss"]
[EventRounds "11"]
[EventCountry "KGZ"]
[SourceTitle "EXT 2013"]
[Source "ChessBase"]
[SourceDate "2012.11.22"]
[SourceVersion "1"]
[SourceVersionDate "2012.11.22"]
[SourceQuality "1"]

1. d4 d5 2. c4 e6 3. Nf3 c6 4. e3 f5 5. Nc3 Nf6 6. Bd3 Bd6 7. 0-0 0-0 8. Ne5 Bxe5 9. dxe5 Ng4 10. f4 d4 11. Ne2 Nxe3 12. Bxe3 dxe3 13. Rf3 Qb6 14. Qb3 Qxb3 15. axb3 c5 16. Rxe3 Nc6 17. Rd1 b6 18. Bb1 Bb7 19. Red3 Rfd8 20. Rd6 Rxd6 21. Rxd6 Rd8 22. Rxd8+ Nxd8 23. Kf2 g5 24. fxg5 Nf7 25. Nf4 Nxg5 26. h4 Ne4+ 27. Bxe4 Bxe4 28. Nxe6 Bc2 29. Ke3 Bxb3 30. Kd3 Ba4 31. Kc3 Kf7 32. Nf4 Bc6 33. g3 Ke7 34. b4 cxb4+ 35. Kxb4 Kd7 36. Kc3 a5 37. Ne2 Be4 38. Nd4 Ke7 39. Kd2 Kf7 40. Ke3 a4 41. Nb5 Bc6 42. Na3 Ke6 43. Kf4 h6 44. Nc2 Bd7 45. Nd4+ Ke7 46. Nc2 b5 47. cxb5 Bxb5 48. Na3 Bd7 49. Ke3 Kf7 50. Kd4 Ke6 51. Nc2 Bc6 52. Na3 Bd5 53. Nb5 Bb3 54. Nc7+ Kd7 55. Nb5 Kc6 56. Na3 Be6 57. Nb1 Bb3 58. Na3 Ba2 59. Nc2 Bb3 60. Na3 h5 61. Nb1 Bd1 62. Na3 Bb3 63. Nb1 Kd7 64. Na3 Ke6 65. Nb5 f4 66. gxf4 Kf5 67. Ke3 Kg4 68. Nd4 Bd5 69. e6 a3 70. e7 Bf7 71. Nc2 a2 72. Ke4 Bg6+ 73. Kd5 Kxf4 74. Kc4 Kg3 75. Kb3 Bf7+ 76. Kb2 Kxh4 77. Ne3 Kg5 78. Nd5 h4 79. Ne3 h3 80. Nf1 Kf6 0-1

[Event "Olympiad-38"]
[Site "Dresden"]
[Date "2008.11.25"]
[Round "11"]
[White "Takyrbashev, Bolot"]
[Black "Ali, Abdulkhaleq"]
[Result "1/2-1/2"]
[WhiteElo "2142"]
[BlackElo "2130"]
[PlyCount "88"]
[EventDate "2008.11.13"]
[EventType "team-swiss"]
[EventRounds "11"]
[EventCountry "GER"]
[SourceTitle "CBM 128"]
[Source "ChessBase"]
[SourceDate "2009.01.28"]
[SourceVersion "1"]
[SourceVersionDate "2009.01.28"]
[SourceQuality "1"]
[WhiteTeam "Kyrgyzstan"]
[BlackTeam "United Arab Emirates"]
[WhiteTeamCountry "KGZ"]
[BlackTeamCountry "UAE"]

1. e4 c6 2. d4 d5 3. f3 e6 4. Nc3 Nf6 5. Nge2 Be7 6. Bg5 Nxe4 7. Be3 Nd6 8. Nf4 Nf5 9. Bf2 Qb6 10. Na4 Qa5+ 11. c3 Qc7 12. Nd3 Nd7 13. g4 Nd6 14. Nac5 b6 15. Nxd7 Bxd7 16. Ne5 Bc8 17. Qc2 Bb7 18. 0-0-0 0-0-0 19. Kb1 f6 20. Nd3 Rde8 21. Re1 Bd8 22. Bg2 Qf7 23. Re2 Bc7 24. Rhe1 g5 25. Bg3 Nc4 26. f4 h5 27. fxg5 fxg5 28. Rf2 Qg6 29. gxh5 Rxh5 30. Qe2 Bxg3 31. hxg3 Ba6 32. Bf1 Rh1 33. Kc1 Nxb2 34. Kxb2 Bxd3 35. Qe5 Rxf1 36. Rexf1 Bxf1 37. Rxf1 Kd7 38. Rf6 Qd3 39. Qxg5 Qe2+ 40. Kc1 Qe1+ 41. Kb2 Qe2+ 42. Kc1 Qe1+ 43. Kb2 Qe2+ 44. Kc1 Re7 1/2-1/2

[Event "Olympiad-38"]
[Site "Dresden"]
[Date "2008.11.22"]
[Round "9"]
[White "Takyrbashev, Bolot"]
[Black "Khamrakulov, Djurabek"]
[Result "0-1"]
[WhiteElo "2142"]
[BlackElo "2533"]
[PlyCount "62"]
[EventDate "2008.11.13"]
[EventType "team-swiss"]
[EventRounds "11"]
[EventCountry "GER"]
[SourceTitle "CBM 128"]
[Source "ChessBase"]
[SourceDate "2009.01.28"]
[SourceVersion "1"]
[SourceVersionDate "2009.01.28"]
[SourceQuality "1"]
[WhiteTeam "Kyrgyzstan"]
[BlackTeam "Uzbekistan"]
[WhiteTeamCountry "KGZ"]
[BlackTeamCountry "UZB"]

1. e4 c6 2. Nc3 d5 3. Nf3 dxe4 4. Nxe4 Nd7 5. Bc4 e6 6. 0-0 Ngf6 7. Neg5 Nb6 8. Bb3 h6 9. Nh3 c5 10. d3 Bd6 11. Re1 g5 12. Ne5 Bxe5 13. Rxe5 c4 14. d4 cxb3 15. axb3 Nbd7 16. Re1 Kf8 17. c4 b6 18. Qf3 Rb8 19. Qc3 Qc7 20. f3 a6 21. Be3 Bb7 22. Bf2 Rc8 23. Bg3 Qc6 24. Nf2 Kg8 25. Nd3 b5 26. Ne5 Qb6 27. c5 Qd8 28. c6 Nxe5 29. cxb7 Rxc3 30. Bxe5 Rc7 31. Bxf6 Qb8 0-1